| 000 | 00903nam a2200253 i 4500 | ||
|---|---|---|---|
| 001 | bg | ||
| 100 | 1 | _aGÓRKA, Maciej | |
| 245 | 1 | 0 |
_aKontrola przestrzegania prawa wspólnotowego przez państwa i podmioty prywatne w Unii Europejskiej / _cMaciej Górka. |
| 260 |
_aToruń : _bPracownia Duszycki : _bWydaw. UMK [Uniwersytetu Mikołaja Kopernika], _c1999. |
||
| 300 |
_a237 s. ; _c24 cm. |
||
| 504 | _aBibliogr. s. 209-217, wykaz aktów prawnych s. 234-237. | ||
| 610 | 2 | 9 | _aEuropejski Trybunał Sprawiedliwości |
| 650 | 9 |
_aPrawo wspólnotowe europejskie _xzagadnienia |
|
| 650 | 9 |
_aSądownictwo konstytucyjne _zEuropa Zachodnia _yod 1945 r. |
|
| 020 | _a8387786098 | ||
| 020 | _a8323110948 (UMK) | ||
| 040 | _cBPK | ||
| 041 | 0 | _apl | |
| 080 | _a341.12:342.56](4-67) | ||
| 920 | _a83-87786-09-8 | ||
| 920 | _a83-231-1094-8 (UMK) | ||
| 942 | _cKS | ||
| 008 | s pl f |000 0 pol | ||
| 999 |
_c42394 _d42394 |
||
| 856 |
_uhttp://koha.tu.koszalin.pl/cgi-bin/koha/opac-detail.pl?biblionumber=42394 _yKatalog online BPK |
||